|
|
|
|
| LEADER |
00937nam a2200241 a 4500 |
| 001 |
010370105 |
| 008 |
100425s1996 enka b 001 0 eng d |
| 010 |
|
|
|a 68090312
|
| 020 |
|
|
|a 0071147276 (pbk)
|
| 020 |
|
|
|a 0070576505
|
| 040 |
|
|
|a Uk
|c Uk
|d BD-DhAAL
|
| 082 |
0 |
4 |
|a 621.381045
|2 21
|
| 100 |
1 |
|
|a Singh, Jasprit.
|
| 245 |
1 |
0 |
|a Optoelectonics :
|b an introduction to materials and devices,
|c Jasprit Singh.
|
| 260 |
|
|
|a New York ;
|a London,
|b McGraw-Hill,
|c 1996
|
| 300 |
|
|
|a xxxiii, 537p. :
|b illus. ;
|c 24 cm.
|
| 490 |
0 |
|
|a McGraw-Hill series in electrical and computing engineering. Electronics and VLSI circuits
|
| 504 |
|
|
|a Includes index.
|
| 541 |
1 |
|
|e 20165
|
| 650 |
|
0 |
|a Optoelectronics.
|
| 852 |
4 |
|
|a Ayesha Abed Library
|j General shelf
|
| 999 |
|
|
|c 8234
|d 8234
|
| 952 |
|
|
|0 0
|1 0
|2 ddc
|4 0
|6 621_381045000000000_SIN_1996
|7 0
|9 9437
|a BRACUL
|b BRACUL
|c GEN
|d 2010-04-25
|l 7
|m 44
|o 621.381045 SIN
|p 3010020165
|r 2024-06-26
|s 2024-06-01
|t 1
|w 2010-04-25
|y BK
|